[Event "East Lansing (MI Op/3/26)"]
[Site "?"]
[Date "1985.??.??"]
[Round "?"]
[White "Mitchell, S.."]
[Black "Thurman, John"]
[Result "1-0"]
[WhiteElo "1960"]
[BlackElo "1805"]
[PlyCount "41"]
[EventDate "1985.??.??"]

{3/(26)} 1. e4 c5 2. Nc3 Nc6 3. f4 d6 4. Nf3 Nf6 5. Bc4 e6 6. d3 g6 7. O-O Bg7
8. a4 O-O 9. Qe1 d5 10. Bb3 dxe4 11. dxe4 e5 12. Qh4 h6 13. f5 g5 14. Bxg5 hxg5
15. Nxg5 Nd4 16. Nd5 Re8 17. Nxf6+ Qxf6 18. Bxf7+ Kf8 19. Qh5 Qc6 20. f6 Bxf6
21. Rxf6 1-0

[Event "East Detroit (MCO/5/4)"]
[Site "?"]
[Date "1985.??.??"]
[Round "?"]
[White "Mitchell, S.."]
[Black "Simon, P.."]
[Result "1/2-1/2"]
[WhiteElo "1960"]
[BlackElo "2295"]
[PlyCount "106"]
[EventDate "1985.??.??"]

{5/(4)} 1. e4 c5 2. Nc3 Nc6 3. f4 g6 4. Nf3 Bg7 5. Bc4 d6 6. O-O e6 7. d3 Nge7
8. Qe1 a6 9. a4 O-O 10. f5 exf5 11. Qh4 h5 12. Bg5 Qc7 13. Bf6 Be6 14. Bxg7
Kxg7 15. Bxe6 fxe6 16. Ng5 Qd7 17. Ne2 Rae8 18. Nf4 Ng8 19. Rf3 Nf6 20. Rg3 Ne5
21. c3 Rh8 22. d4 cxd4 23. cxd4 Neg4 24. Rc3 Kh6 25. h3 e5 26. hxg4 exf4 27.
gxh5 Nxh5 28. exf5 Qxf5 29. Nf3 Rh7 30. Rac1 Rhe7 31. Rc7 g5 32. Rxe7 Rxe7 33.
Qf2 Ng3 34. Re1 Rxe1+ 35. Qxe1 Qe4 36. Qxe4 Nxe4 37. Kf1 g4 38. Ne1 Kg5 39. Nd3
f3 40. gxf3 gxf3 41. b4 Kf5 42. b5 axb5 43. axb5 b6 44. Nb2 Nc3 45. Nc4 Nxb5
46. d5 Ke4 47. Nxb6 Nc3 48. Nc4 Kxd5 49. Nxd6 Nd1 50. Nf7 Kd4 51. Ng5 f2 52.
Nh3 Ke3 53. Nxf2 Nxf2 1/2-1/2

[Event "East Lansing (MI Op/5/12)"]
[Site "?"]
[Date "1985.??.??"]
[Round "?"]
[White "Mitchell, S.."]
[Black "Bagherabadi, Mohammed"]
[Result "0-1"]
[WhiteElo "1960"]
[BlackElo "2085"]
[PlyCount "82"]
[EventDate "1985.??.??"]

{5/(12)} 1. Nc3 d5 2. e4 d4 3. Nce2 c5 4. f4 Nc6 5. Nf3 Nf6 6. Ng3 Qc7 7. d3 e5
8. f5 Be7 9. Be2 Bd7 10. a4 Ng4 11. h3 Ne3 12. Bxe3 dxe3 13. Nf1 Nd4 14. Nxe3
Nxf3+ 15. Bxf3 Bh4+ 16. Ke2 Bc6 17. g4 a6 18. Rg1 b5 19. axb5 axb5 20. Rxa8+
Bxa8 21. Qa1 Bb7 22. Qa2 Bg5 23. Ra1 O-O 24. Qa5 Qd7 25. Qc3 Qc7 26. Ng2 Rd8
27. b3 Rd4 28. h4 Be7 29. g5 c4 30. bxc4 bxc4 31. Qa5 cxd3+ 32. cxd3 Qc2+ 33.
Qd2 Qb3 34. Ne1 h6 35. g6 Bxh4 36. gxf7+ Kf8 37. Qc2 Qb6 38. Bh5 Rb4 39. Kf1
Rb2 40. Ra2 Rxc2 41. Rxc2 Qe3 0-1

[Event "East Detroit (MCO/3/6)"]
[Site "?"]
[Date "1985.??.??"]
[Round "?"]
[White "Mitchell, S.."]
[Black "Arganian, David G"]
[Result "1/2-1/2"]
[WhiteElo "1960"]
[BlackElo "2110"]
[PlyCount "82"]
[EventDate "1985.??.??"]

{3/(6)} 1. e4 c5 2. Nc3 d6 3. f4 g6 4. Nf3 Bg7 5. Bc4 e6 6. O-O Ne7 7. f5 exf5
8. d3 Nbc6 9. Qe1 a6 10. a4 Ne5 11. Bb3 Bd7 12. Bg5 h6 13. Bxe7 Qxe7 14. Nd5
Qd8 15. Kh1 O-O 16. Rd1 b5 17. axb5 axb5 18. c3 fxe4 19. Nxe5 Bxe5 20. dxe4 c4
21. Bc2 Qg5 22. Qf2 Kg7 23. Ra1 Rad8 24. Ra7 Kg8 25. Bd1 f5 26. h4 Qg3 27. Qxg3
Bxg3 28. exf5 Bxf5 29. h5 Bh4 30. hxg6 Bxg6 31. Rxf8+ Rxf8 32. Bf3 Rf7 33. Ra8+
Kg7 34. Kh2 Bg5 35. Rb8 Bb1 36. Rxb5 Bd3 37. Rb6 Rd7 38. Kg3 Kg6 39. Bg4 Rd8
40. Nf4+ Bxf4+ 41. Kxf4 Rf8+ 1/2-1/2

[Event "East Lansing (MI Op/7/16)"]
[Site "?"]
[Date "1985.??.??"]
[Round "?"]
[White "Mitchell, S.."]
[Black "Almquist, W.."]
[Result "1-0"]
[WhiteElo "1960"]
[BlackElo "1735"]
[PlyCount "43"]
[EventDate "1985.??.??"]

{7/(16)} 1. Nc3 d5 2. e4 dxe4 3. Nxe4 Bf5 4. Ng3 Bg6 5. d4 e6 6. Nf3 Nd7 7. h4
h6 8. h5 Bh7 9. c4 Ngf6 10. Bd2 Be7 11. Bc3 O-O 12. Bd3 Bxd3 13. Qxd3 c5 14.
O-O cxd4 15. Nxd4 a6 16. b4 Qc7 17. c5 Ne5 18. Qe2 Nd5 19. Nxe6 Nxc3 20. Nxc7
Nxe2+ 21. Nxe2 Rfd8 22. Nxa8 1-0

[Event "East Detroit (MCO/6/5)"]
[Site "?"]
[Date "1985.??.??"]
[Round "?"]
[White "Mills, J.."]
[Black "Mitchell, S.."]
[Result "1-0"]
[WhiteElo "2210"]
[BlackElo "1960"]
[PlyCount "45"]
[EventDate "1985.??.??"]

{6/(5)} 1. Nf3 g6 2. e4 Bg7 3. d4 d6 4. Bc4 Nf6 5. Qe2 O-O 6. O-O c6 7. Re1 e6
8. e5 Nd5 9. Bb3 b5 10. Nbd2 c5 11. Bxd5 exd5 12. dxc5 dxe5 13. Nxe5 Nd7 14.
Nc6 Qc7 15. Qxb5 Kh8 16. Nb3 Bb7 17. Nca5 Bc8 18. Qc6 Qb8 19. Qxd5 Nf6 20. Qd6
Qb4 21. Bd2 Qh4 22. Qg3 Qa4 23. Qf4 1-0

[Event "East Detroit (MCO/1/7)"]
[Site "?"]
[Date "1985.??.??"]
[Round "?"]
[White "Mills, J.."]
[Black "Garth, K.."]
[Result "1/2-1/2"]
[WhiteElo "2210"]
[BlackElo "1655"]
[PlyCount "135"]
[EventDate "1985.??.??"]

{1/(7)} 1. e4 e6 2. d4 d5 3. Nc3 Bb4 4. Nge2 dxe4 5. a3 Be7 6. Nxe4 Nf6 7. N2g3
Nbd7 8. Bd2 Nxe4 9. Nxe4 Nf6 10. Nxf6+ Bxf6 11. Bc3 Bd7 12. Bc4 Bc6 13. O-O O-O
14. Qg4 Bd5 15. Bd3 Re8 16. Bb5 c6 17. Bd3 e5 18. dxe5 Bxe5 19. Bxe5 Rxe5 20.
f4 Re3 21. Kh1 Qf6 22. b4 Qh6 23. Kg1 Rae8 24. Rf2 Qf6 25. Raf1 Qd4 26. h3 Re1
27. Kh2 Qa1 28. Re2 R8xe2 29. Qc8+ Re8 30. Qxe8+ Rxe8 31. Rxa1 b5 32. a4 a6 33.
axb5 axb5 34. Rd1 g6 35. Bxb5 Bxg2 36. Bc4 Bf3 37. Rd7 Bd5 38. Bxd5 cxd5 39.
Rxd5 Re2+ 40. Kg3 Rxc2 41. f5 gxf5 42. Rxf5 Rc6 43. b5 Rb6 44. h4 Kf8 45. Kf4
Rh6 46. h5 Ke7 47. Ke5 Rb6 48. Kd4 Ke6 49. Re5+ Kd6 50. Rd5+ Kc7 51. Kc5 Re6
52. Rf5 f6 53. Rd5 h6 54. Rf5 Rd6 55. Rf1 Re6 56. Rd1 Re5+ 57. Rd5 Re6 58. Rf5
Rd6 59. Kc4 Kb6 60. Rf4 Re6 61. Rd4 Kc7 62. Kb4 Kb6 63. Kc4 Kc7 64. Rg4 Kb6 65.
Rg6 Re4+ 66. Kd3 Rf4 67. Rxh6 Kxb5 68. Rg6 1/2-1/2

[Event "East Detroit (MCO/3/12)"]
[Site "?"]
[Date "1985.??.??"]
[Round "?"]
[White "Mills, J.."]
[Black "Clark, K.."]
[Result "1-0"]
[WhiteElo "2210"]
[BlackElo "1905"]
[PlyCount "91"]
[EventDate "1985.??.??"]

{3/(12)} 1. Nf3 d5 2. b3 Nf6 3. Bb2 Bf5 4. g3 e6 5. Bg2 Nbd7 6. O-O Bd6 7. c4
c5 8. d3 O-O 9. Nh4 Bg6 10. Nc3 Be5 11. Nxg6 hxg6 12. e3 Nb6 13. d4 cxd4 14.
exd4 Bc7 15. Qd3 a6 16. Rfc1 Re8 17. Rc2 e5 18. Nxd5 Nfxd5 19. Bxd5 e4 20. Qc3
Nxd5 21. cxd5 Bb6 22. Qc4 Rc8 23. Qxc8 Qxc8 24. Rxc8 Rxc8 25. Ba3 Rc2 26. d6 f5
27. Rc1 Rxc1+ 28. Bxc1 Kf7 29. d5 Bc5 30. Bf4 Ke8 31. Be5 Kd7 32. Kf1 Bxd6 33.
Bxg7 Bc5 34. Be5 Bd6 35. Bd4 Bb4 36. Be5 Bd6 37. f4 exf3 38. Bxd6 Kxd6 39. Kf2
Kxd5 40. Kxf3 Ke5 41. h4 b5 42. b4 Ke6 43. Kf4 Kf6 44. a3 Kg7 45. Kg5 Kf7 46.
h5 1-0

[Event "East Lansing (MI Op/4/33)"]
[Site "?"]
[Date "1985.??.??"]
[Round "?"]
[White "Mikus, Jim"]
[Black "Jordan, Willie"]
[Result "1-0"]
[WhiteElo "1795"]
[BlackElo "1780"]
[PlyCount "117"]
[EventDate "1985.??.??"]

{4/(33)} 1. e4 Nf6 2. e5 Nd5 3. d4 d6 4. exd6 exd6 5. Nf3 Nc6 6. Be2 Be7 7. O-O
Bf5 8. a3 Qd7 9. c4 Nf6 10. Nc3 d5 11. c5 a5 12. Bf4 Ne4 13. Nb5 Rc8 14. Qb3 g5
15. Nxc7+ Rxc7 16. Bxc7 Qxc7 17. Qxd5 Qd7 18. Bc4 O-O 19. Qxd7 Bxd7 20. Rfe1
Bf5 21. Bd5 g4 22. Bxc6 bxc6 23. Ne5 Bf6 24. Nxg4 Bxd4 25. Nh6+ Kh8 26. Nxf5
Bxf2+ 27. Kf1 Bxe1 28. Rxe1 Nxc5 29. Rc1 Nd3 30. Rc2 c5 31. b3 Re8 32. g3 Re1+
33. Kg2 Ra1 34. Rd2 Ne1+ 35. Kh3 h5 36. Rd5 Rxa3 37. Rxc5 Rxb3 38. Rxa5 Nf3 39.
Nh4 Nxh4 40. Kxh4 Kg7 41. Rxh5 f6 42. Ra5 Rb2 43. h3 Kg6 44. g4 Rb4 45. Rf5 Rc4
46. Kg3 Rc3+ 47. Rf3 Rc1 48. h4 Rg1+ 49. Kf4 Rb1 50. h5+ Kf7 51. Rh3 Rb4+ 52.
Kg3 Rb3+ 53. Kh4 Rb4 54. Rf3 Rb1 55. Rf5 Rh1+ 56. Kg3 Kg7 57. Rc5 Kh6 58. Rf5
Kg7 59. Kf3 1-0

[Event "East Lansing (MI Op/2/29)"]
[Site "?"]
[Date "1985.??.??"]
[Round "?"]
[White "Mikus, Jim"]
[Black "Graves, J.."]
[Result "0-1"]
[WhiteElo "1795"]
[BlackElo "1925"]
[PlyCount "74"]
[EventDate "1985.??.??"]

{2/(29)} 1. e4 c5 2. Nc3 Nc6 3. f4 d6 4. Nf3 g6 5. Bc4 Bg7 6. O-O Nf6 7. d3 O-O
8. a3 Bd7 9. Nh4 Bg4 10. Qe1 Nd4 11. Qf2 Bd7 12. h3 b5 13. Ba2 e6 14. Be3 Ne8
15. Rac1 Qa5 16. Qd2 b4 17. Nd1 Qa4 18. c3 Nc6 19. Qc2 Qa5 20. a4 Rb8 21. b3
bxc3 22. Nxc3 Nb4 23. Qd2 Nxa2 24. Nxa2 Qxd2 25. Bxd2 Rxb3 26. Nc3 Ra3 27. Ra1
Rxc3 28. Bxc3 Bxc3 29. Ra2 a5 30. Nf3 Bc6 31. Rb1 Bb4 32. Kf2 f6 33. Ke3 d5 34.
Nd2 Nd6 35. Nb3 dxe4 36. Rc1 Nf5+ 37. Ke2 exd3+ 0-1

[Event "East Lansing (MI Op/6/31)"]
[Site "?"]
[Date "1985.??.??"]
[Round "?"]
[White "Mikus, Jim"]
[Black "Gaba, H.."]
[Result "0-1"]
[WhiteElo "1795"]
[BlackElo "1825"]
[PlyCount "66"]
[EventDate "1985.??.??"]

{6/(31)} 1. e4 d6 2. f4 g6 3. Nf3 Bg7 4. Nc3 Nc6 5. Bc4 e6 6. d4 a6 7. a4 Nf6
8. O-O O-O 9. Re1 d5 10. exd5 exd5 11. Bd3 Bg4 12. Be2 Re8 13. Ne5 Bxe2 14.
Nxe2 Ne4 15. Nxc6 bxc6 16. c3 Qd7 17. Qd3 c5 18. dxc5 Nxc5 19. Qd1 Ne4 20. Be3
c6 21. Bf2 Rab8 22. Rb1 h5 23. Ng3 Nxf2 24. Rxe8+ Rxe8 25. Kxf2 Qa7+ 26. Kf1 h4
27. Ne2 h3 28. g3 Qe3 29. Ng1 d4 30. cxd4 Bxd4 31. Nxh3 Qe4 32. Nf2 Qd5 33. Qd3
Re3 0-1

[Event "East Detroit (MCO/3/49)"]
[Site "?"]
[Date "1985.??.??"]
[Round "?"]
[White "Mellen, Steve"]
[Black "Solski, Jeff"]
[Result "1-0"]
[WhiteElo "1605"]
[BlackElo "1605"]
[PlyCount "101"]
[EventDate "1985.??.??"]

{3/(49)} 1. d4 e6 2. Nf3 Nf6 3. e3 g6 4. Bd3 Bg7 5. Nbd2 O-O 6. O-O Nd5 7. c4
Ne7 8. b3 f5 9. Ba3 d5 10. cxd5 exd5 11. Ne5 Nd7 12. f4 b6 13. Bb5 a6 14. Bc6
Rb8 15. Bxe7 Qxe7 16. Bxd5+ Rf7 17. Bxf7+ Kf8 18. Ndc4 Bxe5 19. Nxe5 Nxe5 20.
dxe5 Kxf7 21. Qe2 b5 22. Rac1 Bb7 23. Rc3 Be4 24. Rfc1 c6 25. a4 Rg8 26. axb5
axb5 27. Qd2 Kg7 28. Rd1 Bd5 29. Qd4 Kh6 30. Qc5 Qxc5 31. Rxc5 g5 32. Rdxd5
cxd5 33. Rxd5 gxf4 34. exf4 Kh5 35. Rxb5 Kg4 36. g3 Rd8 37. Rc5 Rd2 38. Rc1 Kh3
39. Re1 h5 40. g4 hxg4 41. Re3+ Kh4 42. e6 Rd1+ 43. Kf2 Rb1 44. e7 Rb2+ 45. Re2
Rxe2+ 46. Kxe2 Kh3 47. e8=Q Kxh2 48. Qh5+ Kg1 49. Qxf5 g3 50. Kf3 g2 51. Qg4
1-0

[Event "East Detroit (MCO/4/52)"]
[Site "?"]
[Date "1985.??.??"]
[Round "?"]
[White "Mellen, Steve"]
[Black "Sarka, K.."]
[Result "0-1"]
[WhiteElo "1605"]
[BlackElo "1675"]
[PlyCount "90"]
[EventDate "1985.??.??"]

{4/(52)} 1. d4 d6 2. e4 Nf6 3. Nc3 g6 4. Bc4 Bg7 5. Be3 O-O 6. Nf3 b6 7. Qd2 c5
8. d5 a6 9. Bh6 b5 10. Bxg7 Kxg7 11. e5 dxe5 12. Bd3 Nbd7 13. O-O c4 14. Be4
Bb7 15. Rad1 b4 16. d6 bxc3 17. dxe7 Qxe7 18. Qxc3 Bxe4 19. Ng5 Bb7 20. Qxc4 h6
21. Nf3 Bxf3 22. gxf3 Nh5 23. Kh1 Rfc8 24. Qd3 Nf4 25. Qxd7 Qxd7 26. Rxd7 Rxc2
27. Rb7 Nd3 28. Kg2 Rxb2 29. Rd7 Nf4+ 30. Kg3 Rxa2 31. Rb1 Nh5+ 32. Kg2 Nf6 33.
Re7 Re8 34. Ra7 e4 35. Rbb7 exf3+ 36. Kxf3 Rf8 37. Rb6 a5 38. Rba6 Ra3+ 39. Kg2
Nh5 40. f3 Rc8 41. Rb6 Ra2+ 42. Kh3 Rcc2 43. f4 Ra3+ 44. Kh4 Rxh2+ 45. Kg4 Rg3#
0-1

[Event "East Detroit (MCO/1/16)"]
[Site "?"]
[Date "1985.??.??"]
[Round "?"]
[White "Mellen, Steve"]
[Black "Kulbacki, James"]
[Result "0-1"]
[WhiteElo "1605"]
[BlackElo "2055"]
[PlyCount "74"]
[EventDate "1985.??.??"]

{1/(16)} 1. d4 Nf6 2. Nf3 g6 3. g3 Bg7 4. Bg2 O-O 5. O-O d5 6. c4 c6 7. Nc3
dxc4 8. a4 Nbd7 9. Bf4 Nd5 10. Nxd5 cxd5 11. e3 Nf6 12. Ne5 Nh5 13. b3 Nxf4 14.
exf4 cxb3 15. Qxb3 e6 16. g4 b6 17. f5 Qd6 18. fxe6 fxe6 19. f4 Ba6 20. Rf2
Rac8 21. f5 Bc4 22. Nxc4 dxc4 23. Qd1 Bxd4 24. Kh1 Qc5 25. Rd2 Bxa1 26. Qxa1 c3
27. Rc2 exf5 28. gxf5 Rxf5 29. Bh3 Qd5+ 30. Bg2 Qb3 31. Qc1 Rfc5 32. Bh3 Re8
33. Bd7 Qd5+ 34. Kg1 Qxd7 35. Rxc3 Qd4+ 36. Kh1 Qxc3 37. Qxc3 Rxc3 0-1

[Event "East Detroit (MCO/1/4)"]
[Site "?"]
[Date "1985.??.??"]
[Round "?"]
[White "McNeilly, A.."]
[Black "Stone, Ray"]
[Result "0-1"]
[WhiteElo "1670"]
[BlackElo "2455"]
[PlyCount "48"]
[EventDate "1985.??.??"]

{1/(4)} 1. Nf3 Nf6 2. g3 d5 3. Bg2 c6 4. O-O Bf5 5. d3 e6 6. Nbd2 Be7 7. Re1
O-O 8. Nh4 Bg4 9. h3 Bh5 10. g4 Nfd7 11. Nhf3 Bg6 12. e4 a5 13. d4 Na6 14. a4
Nb4 15. Bf1 Nf6 16. c3 dxe4 17. Ne5 Nd3 18. Nxg6 hxg6 19. Nxe4 Nxe1 20. Qxe1
Nxe4 21. Qxe4 Bd6 22. Bd2 Qh4 23. Kg2 Rae8 24. Bc4 f5 0-1

[Event "East Detroit (MCO/3/19)"]
[Site "?"]
[Date "1985.??.??"]
[Round "?"]
[White "McNeilly, A.."]
[Black "Bagherabadi, Mohammed"]
[Result "1-0"]
[WhiteElo "1670"]
[BlackElo "2090"]
[PlyCount "89"]
[EventDate "1985.??.??"]

{3/(19)} 1. e4 c5 2. Nf3 a6 3. d3 Nc6 4. g3 d6 5. Bg2 Bg4 6. O-O Qd7 7. Re1 h5
8. h4 f6 9. Qd2 Nh6 10. Nc3 Bxf3 11. Bxf3 e6 12. Bxh5+ Kd8 13. Qd1 Nf7 14. Bxf7
Qxf7 15. Kg2 Be7 16. f4 Kc7 17. Be3 g5 18. fxg5 fxg5 19. Bxg5 Bxg5 20. hxg5
Raf8 21. Rf1 Qh7 22. Rh1 Qf7 23. Rf1 Qg7 24. Rxf8 Rxf8 25. Qd2 Nd4 26. Rf1 Rg8
27. Nd1 Kc6 28. c3 Nb5 29. Nf2 Qe7 30. Nh3 Nc7 31. Qf4 Qh7 32. Qh4 Qd7 33. Qf4
Rg7 34. d4 cxd4 35. cxd4 Nb5 36. Qf6 d5 37. Qe5 Nc7 38. Rf6 Kb5 39. Nf4 Kc4 40.
g6 Qb5 41. Rf7 Qxb2+ 42. Kh3 dxe4 43. Qxc7+ Kxd4 44. Rxg7 Ke3 45. Ng2+ 1-0

[Event "East Detroit (MCO/5/33)"]
[Site "?"]
[Date "1985.??.??"]
[Round "?"]
[White "McNeilly, A.."]
[Black "Alayli, S.."]
[Result "1-0"]
[WhiteElo "1670"]
[BlackElo "1605"]
[PlyCount "83"]
[EventDate "1985.??.??"]

{5/(33)} 1. e4 e5 2. Nf3 Nc6 3. Bb5 a6 4. Bxc6 dxc6 5. O-O Bg4 6. h3 Bh5 7. g4
Bg6 8. Nxe5 Qh4 9. Qf3 O-O-O 10. d3 f6 11. Nxg6 hxg6 12. Kg2 Bd6 13. Nd2 Nh6
14. Nc4 f5 15. Nxd6+ cxd6 16. Bxh6 gxh6 17. exf5 Rhf8 18. Qg3 Qf6 19. c3 gxf5
20. Kh2 Rg8 21. Qf4 Qe5 22. Kg3 Qxf4+ 23. Kxf4 fxg4 24. hxg4 Rdf8+ 25. Kg3 h5
26. f3 hxg4 27. fxg4 Re8 28. Rae1 Kd7 29. Rf7+ Kc8 30. Ree7 Rxe7 31. Rxe7 Rf8
32. Re2 Kd7 33. g5 Rf1 34. d4 b5 35. Rf2 Rxf2 36. Kxf2 Ke6 37. Kg3 Kf5 38. Kh4
Kg6 39. Kg4 Kg7 40. Kf5 Kf7 41. g6+ Kg7 42. Ke6 1-0

[Event "Westland (SEMO Res/2/26)"]
[Site "?"]
[Date "1985.??.??"]
[Round "?"]
[White "McGinniss, M.."]
[Black "Corbeill, Joe"]
[Result "0-1"]
[WhiteElo "1605"]
[BlackElo "1705"]
[PlyCount "98"]
[EventDate "1985.??.??"]

{2/(26)} 1. e4 c5 2. b3 Nf6 3. e5 Nd5 4. Bb2 Nc6 5. Nf3 Nf4 6. g3 Ng6 7. Bg2
Qc7 8. Qe2 e6 9. O-O Be7 10. d3 O-O 11. Nbd2 b6 12. Ne1 Bb7 13. f4 Rac8 14. Ne4
Rfd8 15. Nf3 d5 16. exd6 Bxd6 17. Nxd6 Rxd6 18. Ne5 Nd4 19. Bxd4 Bxg2 20. Qxg2
cxd4 21. Nxg6 hxg6 22. Rf2 Rc6 23. Rc1 Qd6 24. a4 Qa3 25. Qf1 Qb2 26. Rb1 Qc3
27. Re1 Kf8 28. Ree2 Qb2 29. Qg2 Ke7 30. h3 R8c7 31. Kh2 Rc5 32. g4 R5c6 33.
Kg3 Qa3 34. Qd5 Qc5 35. Qe4 Qd6 36. Qe5 Qxe5 37. fxe5 f6 38. Kf4 Rc5 39. exf6+
gxf6 40. h4 e5+ 41. Ke4 Ke6 42. g5 f5+ 43. Kf3 Kd5 44. Rh2 Rh7 45. Kg3 Rc3 46.
Kf2 e4 47. Rh3 Ke5 48. Ke1 e3 49. Rhxe3+ dxe3 0-1

[Event "Westland (SEMO Res/4/22)"]
[Site "?"]
[Date "1985.??.??"]
[Round "?"]
[White "McGinniss, M.."]
[Black "Brown, Dan"]
[Result "0-1"]
[WhiteElo "1605"]
[BlackElo "1790"]
[PlyCount "102"]
[EventDate "1985.??.??"]

{4/(22)} 1. c4 g6 2. b4 Bg7 3. Nc3 a5 4. b5 b6 5. Rb1 d6 6. g3 Bb7 7. Nf3 Nd7
8. Qc2 Ne5 9. Bg2 Nxc4 10. O-O e6 11. d3 Ne5 12. Nd4 Bxg2 13. Kxg2 Ne7 14. f4
Ng4 15. Nf3 O-O 16. h3 Nh6 17. e4 Rc8 18. Qb3 Qd7 19. d4 d5 20. e5 Rb8 21. Ba3
Rfc8 22. g4 Rb7 23. Rfc1 Bf8 24. Ne1 Kg7 25. Nd3 Neg8 26. Bxf8+ Rxf8 27. a4 Ne7
28. Kg3 Kh8 29. Kf3 Nhg8 30. Qc2 Rc8 31. Qd2 Rcb8 32. h4 c6 33. bxc6 Nxc6 34.
Nb5 Nge7 35. Ke3 Kg7 36. Nd6 Rc7 37. Nb5 Rcc8 38. Nd6 Rh8 39. Nb5 h5 40. Kf3
hxg4+ 41. Kxg4 Nf5 42. Rxc6 Rxh4+ 43. Kf3 Qxc6 44. Rc1 Qe8 45. Rc7 Qh8 46. Nf2
Qh5+ 47. Kg2 Rh2+ 48. Kf1 Ng3+ 49. Ke1 Ne4 50. Nxe4 Rxd2 51. Rxf7+ Kxf7 0-1

[Event "Westland (SEMO Res/2/38)"]
[Site "?"]
[Date "1985.??.??"]
[Round "?"]
[White "McCarter, Robert"]
[Black "Schmitt, M.."]
[Result "1/2-1/2"]
[WhiteElo "1605"]
[BlackElo "1605"]
[PlyCount "118"]
[EventDate "1985.??.??"]

{2/(38)} 1. e4 c5 2. Nf3 Nc6 3. d4 cxd4 4. Nxd4 Nf6 5. Nc3 d6 6. Be2 g6 7. Be3
Bg7 8. Qd2 Nxd4 9. Bxd4 e5 10. Be3 Be6 11. Bb5+ Bd7 12. Qxd6 Bxb5 13. Qxe5+ Qe7
14. Qxb5+ Nd7 15. Qxb7 Rb8 16. Qc6 O-O 17. Nd5 Qd8 18. O-O Ne5 19. Qa4 Rxb2 20.
Rfd1 Qe8 21. Qxa7 Nc6 22. Qa4 Nb4 23. Qxe8 Rxe8 24. Nxb4 Rxb4 25. Rab1 Ra4 26.
f3 Rxa2 27. c4 Ra3 28. Kf2 Rc3 29. Rbc1 Rc8 30. Rxc3 Bxc3 31. c5 Bb4 32. Rc1
Kf8 33. Rc4 Ba3 34. g4 Ke7 35. f4 Kd7 36. e5 Kc6 37. Kf3 Kd5 38. Rd4+ Ke6 39.
Rc4 Kd5 40. Rc3 Bxc5 41. Bxc5 Rxc5 42. Rxc5+ Kxc5 43. Ke4 Kc6 44. h4 Kd7 45. f5
gxf5+ 46. gxf5 Ke7 47. Kd5 Kd7 48. e6+ fxe6+ 49. fxe6+ Ke7 50. Ke5 Ke8 51. Kf6
Kf8 52. e7+ Ke8 53. h5 h6 54. Kg6 Kxe7 55. Kxh6 Kf7 56. Kh7 Kf8 57. h6 Kf7 58.
Kh8 Kf8 59. Kh7 Kf7 1/2-1/2

[Event "Westland (SEMO Res/5/33)"]
[Site "?"]
[Date "1985.??.??"]
[Round "?"]
[White "McCarter, Robert"]
[Black "Cooley, R.."]
[Result "0-1"]
[WhiteElo "1605"]
[BlackElo "1605"]
[PlyCount "64"]
[EventDate "1985.??.??"]

{5/(33)} 1. d4 d5 2. c4 Nf6 3. Nc3 Bf5 4. Nf3 e6 5. Bg5 Be7 6. e3 Nbd7 7. Qb3
b6 8. cxd5 Nxd5 9. Bxe7 Nxe7 10. Bc4 c5 11. Nb5 O-O 12. O-O cxd4 13. Nfxd4 Nc5
14. Qd1 Bg6 15. Qe2 a6 16. Nc3 b5 17. b4 bxc4 18. bxc5 Bd3 19. Qg4 Bxf1 20.
Kxf1 Qa5 21. Nxe6 fxe6 22. Qxe6+ Rf7 23. Qxc4 Qc7 24. f4 Nf5 25. Re1 Kh8 26.
Kf2 Rf6 27. Nd5 Qf7 28. Qc2 Qxd5 29. e4 Qd4+ 30. Kf3 Nh4+ 31. Kg3 Ng6 32. Rd1
Qe3+ 0-1

[Event "Westland (SEMO Res/4/30)"]
[Site "?"]
[Date "1985.??.??"]
[Round "?"]
[White "McCarter, Robert"]
[Black "Baker, R.."]
[Result "0-1"]
[WhiteElo "1605"]
[BlackElo "1675"]
[PlyCount "136"]
[EventDate "1985.??.??"]

{4/(30)} 1. e4 e5 2. Nf3 Nc6 3. Bb5 a6 4. Ba4 b5 5. Bb3 Na5 6. c3 d6 7. Bc2 Bg4
8. d4 f6 9. Be3 Nc4 10. Bc1 Ne7 11. b3 Nb6 12. Qd3 Nc6 13. O-O Be7 14. Nbd2 Qd7
15. Bb2 O-O 16. Rac1 Rad8 17. d5 Nb8 18. Bb1 c5 19. c4 b4 20. a3 a5 21. axb4
axb4 22. Bc2 f5 23. Ra1 f4 24. Ra5 Rc8 25. Rfa1 Rc7 26. Qf1 Bf6 27. R1a2 Rf7
28. Qa1 Re7 29. Ne1 g5 30. Nd3 Bh5 31. Bc1 Kf7 32. f3 Bg6 33. Nb2 Nc8 34. Na4
Rb7 35. Nb2 Qc7 36. Nd1 Nd7 37. Nf2 h5 38. Bb2 Nf8 39. Ra6 Ra7 40. Rc6 Rxa2 41.
Qxa2 Qb8 42. Qa6 Rb7 43. Nd3 Nd7 44. Rxc8 Qxc8 45. Qxd6 Rb6 46. Bxe5 Rxd6 47.
Bxd6 Bd4+ 48. Kf1 Qa6 49. e5 Qa1+ 50. Ke2 Bxd3+ 51. Bxd3 Nxe5 52. Bxe5 Bxe5 53.
Bf5 Qb2 54. Be6+ Ke7 55. Kd3 Bd4 56. Bf5 Qc3+ 57. Ke2 Qe3+ 58. Kd1 Qg1+ 59. Kc2
Qxg2 60. Kd3 Qg1 61. h3 Be3 62. d6+ Kxd6 63. Ne4+ Ke5 64. Ke2 Qg2+ 65. Kd3 Qf1+
66. Kc2 Qe2+ 67. Kb1 Qd1+ 68. Ka2 Qc2+ 0-1

[Event "East Detroit (MCO/1/11)"]
[Site "?"]
[Date "1985.??.??"]
[Round "?"]
[White "Mazuchowski, Tom"]
[Black "Stefanski, Mark"]
[Result "1-0"]
[WhiteElo "2105"]
[BlackElo "1630"]
[PlyCount "137"]
[EventDate "1985.??.??"]

{1/(11)} 1. d4 Nf6 2. c4 e6 3. Nc3 Bb4 4. a3 Bxc3+ 5. bxc3 Ne4 6. e3 f5 7. Qh5+
g6 8. Qh6 Nxc3 9. d5 c5 10. Qg7 Rf8 11. Qxc3 b6 12. Bb2 exd5 13. Qe5+ Qe7 14.
Qxe7+ Kxe7 15. cxd5 Bb7 16. O-O-O d6 17. Nf3 Nd7 18. Bb5 Nf6 19. Bxf6+ Kxf6 20.
Rhe1 a6 21. Bf1 Rfe8 22. h4 b5 23. Ng5 h6 24. Ne6 Rac8 25. Nf4 Re5 26. g3 g5
27. hxg5+ hxg5 28. Nd3 Rxd5 29. Bg2 c4 30. Bxd5 cxd3+ 31. Kb2 Bxd5 32. Rxd3 Ke6
33. Red1 Rc5 34. R1d2 a5 35. Rd4 a4 36. Rd1 g4 37. Rc1 Rxc1 38. Kxc1 Bc4 39.
Kd2 Ke5 40. Kc3 d5 41. Kb4 Kd6 42. Rf4 Ke5 43. Kc5 Bd3 44. Rd4 Bc4 45. Kc6 Ke6
46. Rd2 Ke7 47. Kc5 Ke6 48. Kd4 Bb3 49. Rb2 Kd6 50. Rb1 Bc4 51. Rh1 b4 52. Rh6+
Kc7 53. axb4 a3 54. Kc3 a2 55. Kb2 Kd7 56. Rf6 Kc7 57. b5 Kb7 58. Rxf5 Kb6 59.
Rf4 Be2 60. Kxa2 Kxb5 61. Kb3 Bf3 62. Kc3 Kc5 63. Rf8 Kd6 64. Kd4 Be4 65. Rf6+
Ke7 66. Rf4 Bf3 67. Rxf3 gxf3 68. Kxd5 Kf6 69. Ke4 1-0

[Event "Westland (SEMO/3/8)"]
[Site "?"]
[Date "1985.??.??"]
[Round "?"]
[White "Mazuchowski, Tom"]
[Black "Levine, H.."]
[Result "1/2-1/2"]
[WhiteElo "2100"]
[BlackElo "1970"]
[PlyCount "58"]
[EventDate "1985.??.??"]

{3/(8)} 1. e4 e6 2. Qe2 c5 3. f4 d5 4. exd5 Qxd5 5. Nc3 Qd7 6. Nf3 Nc6 7. f5
Nf6 8. fxe6 Qxe6 9. Nb5 Nd5 10. Ng5 Qxe2+ 11. Bxe2 a6 12. Bc4 Ncb4 13. Bxd5
Nxd5 14. c4 axb5 15. cxd5 Bf5 16. O-O Bg6 17. Re1+ Kd7 18. d3 Bd6 19. Ne4 Rhe8
20. Bd2 c4 21. Nxd6 Rxe1+ 22. Bxe1 Kxd6 23. dxc4 bxc4 24. Rd1 Bd3 25. a3 Kxd5
26. Bc3 f6 27. Re1 Be4 28. Rd1+ Ke6 29. Bb4 Ra6 1/2-1/2

[Event "East Detroit (MCO/3/7)"]
[Site "?"]
[Date "1985.??.??"]
[Round "?"]
[White "Mazuchowski, Tom"]
[Black "Eagle, Chris"]
[Result "1-0"]
[WhiteElo "2105"]
[BlackElo "1960"]
[PlyCount "81"]
[EventDate "1985.??.??"]

{3/(7)} 1. e4 e5 2. d4 exd4 3. Qxd4 Nc6 4. Qa4 Nf6 5. Nf3 Bc5 6. Bg5 h6 7. Bh4
O-O 8. c3 Re8 9. Nbd2 d5 10. O-O-O Be7 11. Bxf6 Bxf6 12. Bb5 dxe4 13. Nxe4 Qe7
14. Rhe1 Bf5 15. Nxf6+ Qxf6 16. Qf4 Re6 17. Rxe6 Bxe6 18. Qxf6 gxf6 19. Bxc6
bxc6 20. b3 Re8 21. c4 Bg4 22. Re1 Rxe1+ 23. Nxe1 Kf8 24. Kd2 Ke7 25. Nc2 Kd6
26. Ne3 Be6 27. f4 a5 28. Kc3 c5 29. a4 c6 30. Kd3 Bd7 31. Ke4 Ke7 32. Nf5+ Kf8
33. Nxh6 Kg7 34. Nf5+ Kg6 35. Ne3 Kh5 36. f5 Kg5 37. g3 Bc8 38. h4+ Kh5 39. Kf4
Bd7 40. Nf1 Bc8 41. Nd2 1-0

[Event "Westland (SEMO/5/7)"]
[Site "?"]
[Date "1985.??.??"]
[Round "?"]
[White "Mazuchowski, Tom"]
[Black "Eagle, Chris"]
[Result "1-0"]
[WhiteElo "2100"]
[BlackElo "1940"]
[PlyCount "67"]
[EventDate "1985.??.??"]

{5/(7)} 1. d4 Nf6 2. c4 c5 3. d5 b5 4. cxb5 a6 5. bxa6 Bxa6 6. g3 g6 7. Bg2 d6
8. b3 Bg7 9. Bb2 O-O 10. Nh3 Qc7 11. O-O Nbd7 12. Re1 c4 13. b4 Rfb8 14. Bc3
Nb6 15. a4 Bc8 16. e4 Bd7 17. a5 Nc8 18. Na3 Na7 19. Qd2 Nb5 20. Nxb5 Rxb5 21.
f4 Ne8 22. e5 Rab8 23. Ng5 f6 24. exd6 Nxd6 25. Ne6 Bxe6 26. Rxe6 f5 27. Rae1
Bf6 28. Bxf6 exf6 29. Re7 Qc8 30. Qd4 Qf8 31. a6 Rxb4 32. a7 Ra8 33. Qc5 Rb1
34. Rxb1 1-0